00740nam a2200229Ia 450000500170000000800410001704000190005804100120007708200170008910000290010624500450013525000460018026000360022630000120026250400500027465000220032470000160034685000100036294200070037299900170037995201140039620231108101126.0131103s9999 xx 000 0 und d aLoreto College aEnglish a792.024bGRA aGraham - Camphell,Alison aDrama For WomencAlison Graham-Campbell  aand Frank Lambe; foreword by Flora Robson aLondonbG.Bell and Sonscc 1960 a160 p.  aIncludes bibliographical references and index aTheater for Women aLambe,Frank aLCLIB cBK c17533d68012 00102ddc4070aMAINbMAINd2013-11-04l1o792.024 GRA pB17933r2023-03-24s2023-03-17w2013-11-04yBKf